000 00402nam a2200157 a 4500
008 000412s1963||||xx 0 und c
040 _aSNK
_bslo
_cSNK
_eAACR2
100 1 _aDvorský, Andrej
245 1 0 _aNaša kuchárka II.vydanie
_bpre zdravých a chorých
250 _a6.vyd.
260 _aBratislava
_bOsveta
_c1963
300 _a414 s.
020 _c32,50
044 _axo
_cSK
041 _aslo
999 _c19680
_d19680